ბათუმის შოთა რუსთაველის სახელმწიფო უნივერსიტეტის ბიბლიოთეკა

რა დაუშავა კულტურამ ფროიდს? / (ბიბ.ჩანაწერი № 60014)

000 -ლიდერი
ფიქსირებული სიგრძის საკონტროლო ველი 00842nam a22002057a 4500
003 - საკონტროლო ნომრის იდენტიფიკატორი
საკონტროლო ველი Ge_BSU
005 - ბოლო ოპერაციის თარიღი და დრო
საკონტროლო ველი 20230530152018.0
008 - ფიქსირებული სიგრძის მონაცემთა ელემენტები - ზოგადი ინფორმაცია
ფიქსირებული სიგრძის საკონტროლო ველი 230530s2003 ge ||||| |||| 00| 0 geo d
041 ## - ენის კოდი
Language code of text/sound track or separate title geo
080 ## - უნივერსალური ათობითი კლასიფიკაციის ინდექსი
Universal Decimal Classification number 008+159.964.2 ქ-86
100 ## - მთავარი ჩანაწერი - პიროვნების სახელი
Personal name ქუმსიშვილი, მანანა
9 (RLIN) 18314
245 ## - ცნობა სათაურის შესახებ
Title რა დაუშავა კულტურამ ფროიდს? /
Statement of responsibility, etc მანანა ქუმსიშვილი; რედ თ. კუკავა.
264 ## - წარმოების, გამოცემის, დისტრიბუციის და სხვა ცნობები
გამოცემის, წარმოების, დისტრიბუციის... ადგილი თბილისი,
გამოცემის, წარმოების, დისტრიბუციის... თარიღი 2003.
300 ## - ფიზიკური აღწერა
Extent 32 გვ. ;
Other physical details 20 სმ.
653 ## - INDEX TERM--UNCONTROLLED
Uncontrolled term ფროიდი, ზიგმუნდ.
653 ## - INDEX TERM--UNCONTROLLED
Uncontrolled term კულტურის ფილოსოფია.
653 ## - INDEX TERM--UNCONTROLLED
Uncontrolled term ფროიდი ზიგმუნდ.
700 ## - ADDED ENTRY--PERSONAL NAME
Personal name კუკავა, თ.
Relator term რედაქტორი
9 (RLIN) 18315
942 ## - ADDED ENTRY ELEMENTS (KOHA)
Source of classification or shelving scheme
Koha item type წიგნი
ეგზემპლარები
ჩამოწერის სტატუსი დაკარგული ეგზემპლარის სტატუსი კლასიფიკაციის წყარო ან თაროზე გაწყობის სქემა დაზიანების სტატუსი არ გაიცემა მუდმივი მდებარეობა (დაცვის ადგილი) ამჟამინდელი ადგილსამყოფელი თაროზე განთავსების ადგილი შეძენის თარიღი ღირებულება, შესყიდვის ნორმალური ფასი სრული შენახვის შიფრი შტრიხკოდი ბოლო ოპერაციის თარიღი ეგზემპლარის მიმდევრობითი ნომერი (კეტერი?) Uniform Resource Identifier ფასის ძალაში შესვლის თარიღი ეგზემპლარის სახეობა საჯარო შენიშვნა
          ბათუმის შოთა რუსთაველის სახელმწიფო უნივერსიტეტის მთავარი ბიბლიოთეკა ბათუმის შოთა რუსთაველის სახელმწიფო უნივერსიტეტის მთავარი ბიბლიოთეკა წიგნსაცავი 2023-05-30 3.00 008+159.964.2 ქ-86 64466 2023-05-30 64466 ბსუ-ს საპატიო დოქტორის გურამ ლორთქიფანიძის საჩუქარი 2023-05-30 წიგნი 3 ლ.